[Event "7th HDBank Cup 2017 Masters"]
[Site "Ho Chi Minh City"]
[Date "2017.03.13"]
[Round "3"]
[White "Cuhendi, Sean Winshand"]
[Black "Shyam, Sundar M"]
[Result "1/2-1/2"]
[WhiteElo "2403"]
[BlackElo "2536"]
[PlyCount "228"]
[EventDate "2017.??.??"]

1. d4 d5 2. Nc3 Nf6 3. Bg5 Nbd7 4. e3 e6 5. Nf3 c5 6. dxc5 Bxc5 7. Bd3 h6 8.
Bh4 Be7 9. O-O O-O 10. Qe2 Nc5 11. Rfd1 b6 12. Ne5 Bb7 13. Nb5 a6 14. Nd4 Rc8
15. Rac1 Nfd7 16. Bxe7 Qxe7 17. Nxd7 Qxd7 18. c3 Nxd3 19. Qxd3 e5 20. Qf5 Qe7
21. Nf3 Rfe8 22. h3 g6 23. Qg4 Rc4 24. Qg3 h5 25. Qg5 Qxg5 26. Nxg5 f6 27. Nf3
g5 28. Nd2 Rc7 29. f3 Rec8 30. Kf2 h4 31. Nb3 a5 32. Rd3 Kf7 33. f4 gxf4 34.
exf4 d4 35. fxe5 fxe5 36. Rf1 a4 37. Nxd4 exd4 38. Rxd4 Rg8 39. Rxh4 Rxg2+ 40.
Ke3+ Kg7 41. Rxa4 Re7+ 42. Kd3 Rg6 43. Rg4 Rxg4 44. hxg4 Ba6+ 45. c4 b5 46. b3
Rc7 47. Rf4 bxc4+ 48. bxc4 Bc8 49. a4 Bd7 50. a5 Ra7 51. Rd4 Be6 52. Rd6 Kf6
53. a6 Ke5 54. Rc6 Bxg4 55. Kc3 Bd7 56. Rc5+ Kd6 57. Rd5+ Kc7 58. Ra5 Bc8 59.
Rc5+ Kd7 60. Rd5+ Ke6 61. Kb4 Bxa6 62. Ra5 Kd6 63. Kc3 Kc6 64. c5 Ra8 65. Ra1
Kxc5 66. Ra5+ Kb6 67. Rh5 Rd8 68. Rh4 Ka5 69. Rd4 Rh8 70. Rd5+ Bb5 71. Re5 Rh3+
72. Kd4 Kb4 73. Re3 Rh1 74. Re4 Rd1+ 75. Ke5+ Kc5 76. Rf4 Bc6 77. Rf5 Re1+ 78.
Kf6+ Kd6 79. Rf4 Bd5 80. Ra4 Rf1+ 81. Kg5 Ke5 82. Ra5 Rg1+ 83. Kh5 Rg8 84. Rb5
Ke6 85. Kh4 Be4 86. Rg5 Ra8 87. Kg4 Ra4 88. Rc5 Kf6 89. Kg3 Bf5 90. Rc7 Kg5 91.
Rg7+ Bg6 92. Kf2 Ra3 93. Rg8 Kf6 94. Rf8+ Bf7 95. Ke2 Ke7 96. Rh8 Kd6 97. Kd2
Ke5 98. Rh7 Bd5 99. Re7+ Kd4 100. Rd7 Ra2+ 101. Kd1 Kc4 102. Ke1 Be4 103. Rd2
Ra3 104. Ke2 Rh3 105. Rd8 Bd5 106. Rc8+ Kd4 107. Rd8 Rh2+ 108. Kd1 Rh5 109. Kd2
Rg5 110. Rd7 Rg8 111. Kd1 Rf8 112. Kd2 Rf7 113. Rxf7 Bxf7 114. Kd1 Ke5 1/2-1/2

[Event "7th HDBank Cup 2017 Masters"]
[Site "Ho Chi Minh City"]
[Date "2017.03.13"]
[Round "3"]
[White "Tokhirjonova, Gulrukhbegim"]
[Black "Nguyen, Anh Dung"]
[Result "0-1"]
[WhiteElo "2297"]
[BlackElo "2482"]
[PlyCount "127"]
[EventDate "2017.??.??"]

1. e4 c5 2. Nf3 d6 3. d4 cxd4 4. Nxd4 Nf6 5. Nc3 a6 6. h3 e5 7. Nde2 h5 8. Bg5
Be6 9. Bxf6 Qxf6 10. Nd5 Bxd5 11. Qxd5 Nc6 12. c3 g6 13. Rd1 Rd8 14. Nc1 Rd7
15. Bc4 Bh6 16. Nb3 Ne7 17. Qd3 O-O 18. O-O Kg7 19. Qe2 Rc7 20. Bd5 Qh4 21. Na5
b5 22. Bb7 Qf6 23. a4 Rb8 24. axb5 axb5 25. Qxb5 Rc5 26. Qa6 Rxa5 27. Qxa5 Rxb7
28. b4 Nc8 29. c4 Qe6 30. c5 dxc5 31. Qxc5 Bg5 32. Rb1 Be7 33. Qc3 Nd6 34. Qc6
Qc4 35. b5 Qxe4 36. Rfe1 Qxc6 37. bxc6 Rxb1 38. Rxb1 Kf6 39. Rb8 Ke6 40. Kf1 f5
41. Ke2 g5 42. Kd3 h4 43. f3 Bf6 44. Ke2 e4 45. fxe4 fxe4 46. Ke3 Be5 47. Rg8
Bf4+ 48. Kd4 e3 49. Kd3 Nf5 50. Rg6+ Kf7 51. c7 Bxc7 52. Rxg5 Kf6 53. Rg4 Bg3
54. Ra4 Bf2 55. Ke2 Ke5 56. Kd3 Ng3 57. Ra5+ Kd6 58. Ra6+ Kc5 59. Ra5+ Kb4 60.
Re5 e2 61. Rxe2 Nxe2 62. Kxe2 Bg3 63. Kf1 Kc3 64. Kg1 0-1

[Event "7th HDBank Cup 2017 Masters"]
[Site "Ho Chi Minh City"]
[Date "2017.03.14"]
[Round "4"]
[White "Iturrizaga Bonelli, Eduardo"]
[Black "Le, Tuan Minh"]
[Result "1/2-1/2"]
[WhiteElo "2673"]
[BlackElo "2475"]
[PlyCount "80"]
[EventDate "2017.??.??"]

1. c4 e6 2. g3 Nf6 3. Bg2 d5 4. d4 Bb4+ 5. Bd2 Be7 6. Nf3 O-O 7. O-O c6 8. Qc2
b6 9. Rd1 Nbd7 10. a4 Ba6 11. b3 c5 12. a5 Qc8 13. cxd5 Nxd5 14. e4 N5f6 15. e5
Nd5 16. Bg5 Qd8 17. Bxe7 Qxe7 18. Nc3 Nxc3 19. Qxc3 Bb7 20. dxc5 Nxc5 21. b4
Ne4 22. Qe3 Qxb4 23. Ng5 Nc5 24. Bxb7 Nxb7 25. axb6 h6 26. Rdb1 Qe7 27. Ne4
axb6 28. Qxb6 Rxa1 29. Rxa1 Nd8 30. Nc5 Qe8 31. Ra6 f6 32. exf6 Rxf6 33. Ne4
Rf8 34. Ra7 Qg6 35. Qe3 Nc6 36. Ra6 Ne5 37. Nd2 Ng4 38. Qxe6+ Qxe6 39. Rxe6
Rxf2 40. Re4 Rxd2 1/2-1/2

[Event "7th HDBank Cup 2017 Masters"]
[Site "Ho Chi Minh City"]
[Date "2017.03.14"]
[Round "4"]
[White "Mareco, Sandro"]
[Black "Nguyen, Van Huy"]
[Result "1/2-1/2"]
[WhiteElo "2664"]
[BlackElo "2413"]
[PlyCount "123"]
[EventDate "2017.??.??"]

1. Nf3 Nf6 2. c4 e6 3. g3 d5 4. Bg2 dxc4 5. Qa4+ Nbd7 6. Qxc4 a6 7. Qb3 Rb8 8.
O-O b5 9. d3 Bb7 10. Bd2 Bd6 11. Rc1 c5 12. a4 O-O 13. axb5 axb5 14. Ba5 Qc8
15. Qd1 Qe8 16. Nbd2 Qe7 17. Ng5 Bxg2 18. Kxg2 Rfc8 19. Qc2 h6 20. Nge4 Nxe4
21. Nxe4 Nf6 22. Nd2 Qb7+ 23. Nf3 Nd5 24. e4 Ne7 25. Qe2 Nc6 26. Bd2 Ra8 27.
Be3 Rxa1 28. Rxa1 Ne5 29. Nxe5 Bxe5 30. Ra5 Bc7 31. Ra2 Bd6 32. b3 Bf8 33. Rc2
Qd7 34. Kf1 Rd8 35. Bxc5 Qxd3 36. Bb6 Qxe2+ 37. Kxe2 Rb8 38. Rc6 g6 39. Bd4 g5
40. Be5 Ra8 41. h4 gxh4 42. gxh4 h5 43. Rc7 Re8 44. Rb7 b4 45. Rb5 Kh7 46. Bf4
f5 47. exf5 exf5+ 48. Kf3 Kg6 49. Rb6+ Kf7 50. Rb7+ Kg6 51. Bg5 Re6 52. Rb8 Kf7
53. Rc8 Rd6 54. Ke2 Bg7 55. Rc4 Rd4 56. Rc7+ Kg6 57. Rb7 Bf8 58. Rb6+ Rd6 59.
Rb8 Kf7 60. Rb7+ Kg6 61. f3 Rc6 62. Rb8 1/2-1/2

[Event "7th HDBank Cup 2017 Masters"]
[Site "Ho Chi Minh City"]
[Date "2017.03.14"]
[Round "4"]
[White "Zhou, Jianchao"]
[Black "Xu, Yi"]
[Result "1/2-1/2"]
[WhiteElo "2619"]
[BlackElo "2444"]
[PlyCount "24"]
[EventDate "2017.??.??"]

1. d4 d5 2. c4 c6 3. Nc3 Nf6 4. cxd5 cxd5 5. Bf4 Nc6 6. e3 a6 7. Bd3 Bg4 8.
Nge2 e6 9. Qb3 Na5 10. Qa4+ Nc6 11. Qb3 Na5 12. Qa4+ Nc6 1/2-1/2

[Event "7th HDBank Cup 2017 Masters"]
[Site "Ho Chi Minh City"]
[Date "2017.03.14"]
[Round "4"]
[White "Xu, Yinglun"]
[Black "Tran, Minh Thang"]
[Result "1/2-1/2"]
[WhiteElo "2540"]
[BlackElo "2406"]
[PlyCount "99"]
[EventDate "2017.??.??"]

1. d4 Nf6 2. c4 g6 3. Nf3 Bg7 4. e3 O-O 5. Be2 d6 6. Nc3 Nbd7 7. O-O Re8 8. e4
e5 9. d5 Qe7 10. Qc2 a5 11. Bg5 h6 12. Bd2 Nc5 13. Rfe1 Bd7 14. Rad1 c6 15. Be3
b6 16. dxc6 Bxc6 17. Nd2 Ne6 18. Bxb6 Qb7 19. Be3 Nd4 20. Bxd4 exd4 21. Nd5 a4
22. Nxf6+ Bxf6 23. Bd3 Qb4 24. f4 Ra7 25. Nf3 Rae7 26. Re2 Kf8 27. Rde1 Bg7 28.
h3 Rc8 29. Kh2 Rce8 30. Rf1 Kg8 31. Rfe1 Qb7 32. c5 dxc5 33. Qxc5 Bxe4 34. Nxd4
Bf8 35. Bxe4 Rxe4 36. Qc2 Rxe2 37. Rxe2 Rxe2 38. Nxe2 Qb4 39. a3 Qb8 40. Kh1
Bg7 41. Qxa4 Bxb2 42. Qa6 Qc7 43. a4 Bc1 44. Qa8+ Kh7 45. Qe4 Bd2 46. g4 Qc5
47. Kg2 Be1 48. Qd4 Qc6+ 49. Kf1 Ba5 50. Qa7 1/2-1/2

[Event "7th HDBank Cup 2017 Masters"]
[Site "Ho Chi Minh City"]
[Date "2017.03.14"]
[Round "4"]
[White "Nguyen, Anh Dung"]
[Black "Bu, Xiangzhi"]
[Result "1/2-1/2"]
[WhiteElo "2482"]
[BlackElo "2711"]
[PlyCount "36"]
[EventDate "2017.??.??"]

1. d4 Nf6 2. c4 e6 3. Nf3 b6 4. g3 Bb7 5. Bg2 Bb4+ 6. Bd2 c5 7. Bxb4 cxb4 8.
O-O O-O 9. Nbd2 d6 10. Qc2 Nbd7 11. b3 Rc8 12. Qb2 a5 13. a3 bxa3 14. Qxa3 Qc7
15. b4 Ra8 16. Rfc1 h6 17. Ne1 Bxg2 18. Nxg2 Qc6 1/2-1/2

[Event "7th HDBank Cup 2017 Masters"]
[Site "Ho Chi Minh City"]
[Date "2017.03.14"]
[Round "4"]
[White "Garcia, Jan Emmanuel"]
[Black "Gomez, John Paul"]
[Result "1/2-1/2"]
[WhiteElo "2444"]
[BlackElo "2481"]
[PlyCount "34"]
[EventDate "2017.??.??"]

1. d4 d5 2. c4 c6 3. cxd5 cxd5 4. Nc3 Nf6 5. Nf3 Nc6 6. Bf4 Bf5 7. e3 e6 8. Bd3
Bxd3 9. Qxd3 Bd6 10. Bxd6 Qxd6 11. O-O O-O 12. Nb5 Qb4 13. a3 Qe7 14. Nc3 Qd6
15. Nb5 Qe7 16. Nc3 Qd6 17. Nb5 Qe7 1/2-1/2

[Event "7th HDBank Cup 2017 Masters"]
[Site "Ho Chi Minh City"]
[Date "2017.03.14"]
[Round "4"]
[White "Tu, Hoang Thong"]
[Black "Ghosh, Diptayan"]
[Result "1/2-1/2"]
[WhiteElo "2392"]
[BlackElo "2581"]
[PlyCount "44"]
[EventDate "2017.??.??"]

1. b3 d5 2. Bb2 Bg4 3. h3 Bh5 4. g3 Nc6 5. d4 Qd6 6. Bg2 O-O-O 7. Nf3 Bxf3 8.
Bxf3 e5 9. dxe5 Nxe5 10. Bg2 Nf6 11. O-O Qe6 12. Nd2 Bc5 13. e3 d4 14. exd4
Bxd4 15. Bxd4 Rxd4 16. Qe2 Rhd8 17. Nb1 Qf5 18. Qe3 Nc6 19. Na3 Re8 20. Qf3
Qxf3 21. Bxf3 Ne5 22. Bg2 c6 1/2-1/2

[Event "7th HDBank Cup 2017 Masters"]
[Site "Ho Chi Minh City"]
[Date "2017.03.14"]
[Round "4"]
[White "Vo, Dai Hoai Duc"]
[Black "Diu, Viacheslav"]
[Result "1/2-1/2"]
[WhiteElo "2205"]
[BlackElo "2421"]
[PlyCount "120"]
[EventDate "2017.??.??"]

1. d4 d5 2. c4 e6 3. Nc3 c6 4. e3 Bd6 5. Bd3 f5 6. f4 Nf6 7. Nf3 O-O 8. O-O Ne4
9. Bd2 Nd7 10. Rb1 Ndf6 11. Be1 Kh8 12. Qe2 Bd7 13. Bh4 Be8 14. Bxe4 dxe4 15.
Ne5 Qc7 16. Rfc1 Bh5 17. Qe1 h6 18. b4 Rg8 19. Bg3 Kh7 20. Rb2 Raf8 21. b5 Ba3
22. Rbc2 Bxc1 23. Qxc1 c5 24. d5 exd5 25. Nxd5 Nxd5 26. cxd5 b6 27. Rd2 Rd8 28.
Nc4 Bf7 29. d6 Qb8 30. Ne5 Rxd6 31. Nxf7 Rxd2 32. Qxd2 Qb7 33. Ne5 Qe7 34. Nc6
Qe6 35. Qc2 a6 36. a4 axb5 37. axb5 Ra8 38. h3 Qa2 39. Qxa2 Rxa2 40. Ne7 g6 41.
Nd5 Rb2 42. Nxb6 Rxb5 43. Nd5 Rb3 44. Be1 Rd3 45. Nb6 Rxe3 46. Kf2 Rd3 47. Ke2
Kg8 48. Na4 Rd5 49. Bf2 Kf7 50. Bxc5 g5 51. Be3 Kg6 52. g3 Rb5 53. Nc3 Rb2+ 54.
Bd2 gxf4 55. gxf4 Kh5 56. Nd1 Rb5 57. Be1 Kg6 58. Ne3 Rb2+ 59. Bd2 Rb1 60. Be1
Rb2+ 1/2-1/2

[Event "7th HDBank Cup 2017 Masters"]
[Site "Ho Chi Minh City"]
[Date "2017.03.14"]
[Round "5"]
[White "Vishnu Prasanna  V"]
[Black "Ali, Muhammad Lutfi"]
[Result "1/2-1/2"]
[WhiteElo "2534"]
[BlackElo "2416"]
[PlyCount "63"]
[EventDate "2017.??.??"]

1. e4 g6 2. d4 Bg7 3. Nc3 d6 4. f4 a6 5. Be3 b5 6. Nf3 Nd7 7. Bd3 c5 8. dxc5
Nxc5 9. Bxc5 Bxc3+ 10. bxc3 dxc5 11. e5 Bb7 12. c4 b4 13. O-O Nh6 14. Qe1 Nf5
15. Rd1 Bxf3 16. Rxf3 Nd4 17. Rf1 e6 18. Kh1 h5 19. Be4 Rb8 20. c3 bxc3 21.
Qxc3 O-O 22. Qa3 Qb6 23. Qg3 Kg7 24. f5 exf5 25. Bxf5 Nxf5 26. Rxf5 Qb1 27.
Rff1 Qe4 28. Rfe1 Qxc4 29. e6 fxe6 30. Qe5+ Kh6 31. h3 Rbd8 32. Rc1 1/2-1/2

[Event "7th HDBank Cup 2017 Masters"]
[Site "Ho Chi Minh City"]
[Date "2017.03.14"]
[Round "5"]
[White "Gomez, John Paul"]
[Black "Cheparinov, Ivan"]
[Result "1/2-1/2"]
[WhiteElo "2481"]
[BlackElo "2698"]
[PlyCount "100"]
[EventDate "2017.??.??"]

1. c4 f5 2. Nc3 Nf6 3. g3 g6 4. Bg2 Bg7 5. e3 O-O 6. Nge2 e5 7. O-O d6 8. d3 c6
9. b4 Be6 10. b5 Qc7 11. Qa4 Rc8 12. Bb2 Nbd7 13. Rac1 Bf7 14. Qb3 a6 15. bxc6
bxc6 16. Na4 Rab8 17. Qc2 Qd8 18. Ba1 Qe7 19. Rfd1 c5 20. Nac3 Re8 21. Rb1 Rxb1
22. Rxb1 e4 23. dxe4 fxe4 24. Rb7 g5 25. Bb2 h5 26. h4 gxh4 27. gxh4 Rb8 28.
Rxb8+ Nxb8 29. Ng3 Bg6 30. Ncxe4 Bxe4 31. Bxe4 Nxe4 32. Nxe4 Bxb2 33. Qxb2 Qxe4
34. Qxb8+ Kf7 35. Qxd6 Qxc4 36. Qd7+ Kg6 37. Qe8+ Kh6 38. Qh8+ Kg6 39. Qe8+ Kh6
40. Qc6+ Kg7 41. Qd7+ Kf6 42. Qd8+ Kf7 43. Qg5 Qe2 44. Qd5+ Kg7 45. Qd7+ Kf6
46. Qc6+ Kg7 47. Qxc5 Qg4+ 48. Kf1 Qd1+ 49. Kg2 Qg4+ 50. Kf1 Qd1+ 1/2-1/2

[Event "7th HDBank Cup 2017 Masters"]
[Site "Ho Chi Minh City"]
[Date "2017.03.14"]
[Round "5"]
[White "Le, Tuan Minh"]
[Black "Zhou, Jianchao"]
[Result "1/2-1/2"]
[WhiteElo "2475"]
[BlackElo "2619"]
[PlyCount "75"]
[EventDate "2017.??.??"]

1. d4 Nf6 2. c4 e6 3. Nc3 Bb4 4. e3 Bxc3+ 5. bxc3 c5 6. Bd3 d6 7. Ne2 Nc6 8. e4
e5 9. d5 Ne7 10. O-O Ng6 11. Ng3 Nf4 12. Bxf4 exf4 13. Nh5 Nxh5 14. Qxh5 g6 15.
Qh6 Qf6 16. g3 fxg3 17. hxg3 Bd7 18. Rac1 O-O-O 19. Rfe1 Qe7 20. Bf1 Kb8 21.
Re3 f6 22. Bh3 Bxh3 23. Qxh3 h5 24. Rce1 g5 25. Qf5 g4 26. Kg2 Rdg8 27. Qf4 Rg5
28. Rh1 Re8 29. Rh4 Re5 30. f3 f5 31. Rxh5 gxf3+ 32. Qxf3 fxe4 33. Qg4 Rxh5 34.
Qxh5 a6 35. Qg6 Qe5 36. Qg4 Ka7 37. Qf4 Qe7 38. Qg4 1/2-1/2

[Event "7th HDBank Cup 2017 Masters"]
[Site "Ho Chi Minh City"]
[Date "2017.03.14"]
[Round "5"]
[White "Antonio, Rogelio Jr"]
[Black "Tu, Hoang Thong"]
[Result "1/2-1/2"]
[WhiteElo "2465"]
[BlackElo "2392"]
[PlyCount "32"]
[EventDate "2017.??.??"]

1. e4 Nc6 2. Nf3 d6 3. d4 Nf6 4. c3 g6 5. Bd3 Bg7 6. O-O O-O 7. h3 e5 8. Re1
Re8 9. d5 Ne7 10. c4 c5 11. Nc3 Rf8 12. Bf1 Ne8 13. a3 h6 14. Bd2 f5 15. b4 b6
16. Rb1 Nf6 1/2-1/2

[Event "7th HDBank Cup 2017 Masters"]
[Site "Ho Chi Minh City"]
[Date "2017.03.14"]
[Round "5"]
[White "Liu, Guanchu"]
[Black "Le, Huu Thai"]
[Result "1/2-1/2"]
[WhiteElo "2441"]
[BlackElo "2167"]
[PlyCount "92"]
[EventDate "2017.??.??"]

1. e4 e5 2. Nf3 Nc6 3. Bc4 Nf6 4. d3 Be7 5. O-O O-O 6. h3 d6 7. a4 Be6 8. Nbd2
d5 9. exd5 Bxd5 10. c3 Re8 11. Re1 Bxc4 12. Nxc4 e4 13. dxe4 Qxd1 14. Rxd1 Nxe4
15. Bf4 Bc5 16. Be3 Rad8 17. Ng5 Bxe3 18. Nxe4 Rxe4 19. Nxe3 Kf8 20. b4 Ke8 21.
Kf1 a5 22. b5 Ne7 23. Rxd8+ Kxd8 24. Rd1+ Ke8 25. Rd4 Rxd4 26. cxd4 Kd7 27. Ke2
Ke6 28. Nc4 b6 29. Kd3 g5 30. g3 Ng6 31. Ne3 f5 32. d5+ Ke5 33. d6 Kxd6 34.
Nxf5+ Ke5 35. Ng7 Nf8 36. Ke3 Nd7 37. f4+ gxf4+ 38. gxf4+ Kd5 39. Ne8 c5 40.
bxc6 Kxc6 41. Kd4 Nc5 42. Nf6 Nxa4 43. Nxh7 Nc5 44. Ng5 a4 45. Kc3 a3 46. Nf3
Kd5 1/2-1/2

[Event "7th HDBank Cup 2017 Masters"]
[Site "Ho Chi Minh City"]
[Date "2017.03.14"]
[Round "5"]
[White "Shyaamnikhil P"]
[Black "Iturrizaga Bonelli, Eduardo"]
[Result "1/2-1/2"]
[WhiteElo "2440"]
[BlackElo "2673"]
[PlyCount "32"]
[EventDate "2017.??.??"]

1. d4 Nf6 2. c4 b6 3. Nc3 Bb7 4. Qc2 d5 5. cxd5 Nxd5 6. Nf3 Nxc3 7. bxc3 Nd7 8.
e4 e5 9. Nxe5 Nxe5 10. dxe5 Qe7 11. Qa4+ c6 12. Ba6 b5 13. Qa5 Bxa6 14. Qxa6
Qe6 15. O-O Bc5 16. Ba3 Bxa3 1/2-1/2

[Event "7th HDBank Cup 2017 Masters"]
[Site "Ho Chi Minh City"]
[Date "2017.03.14"]
[Round "5"]
[White "Diu, Viacheslav"]
[Black "Mareco, Sandro"]
[Result "1/2-1/2"]
[WhiteElo "2421"]
[BlackElo "2664"]
[PlyCount "127"]
[EventDate "2017.??.??"]

1. e4 c5 2. Nf3 e6 3. d4 cxd4 4. Nxd4 a6 5. Bd3 Bc5 6. Nb3 Be7 7. Qg4 g6 8. O-O
d6 9. Qe2 Nc6 10. Be3 Nf6 11. Bh6 Ne5 12. h3 Bf8 13. Bxf8 Kxf8 14. f4 Nxd3 15.
cxd3 Kg7 16. Nc3 b6 17. e5 Ne8 18. d4 dxe5 19. dxe5 Qe7 20. Rfd1 Bb7 21. Qe3
Nc7 22. Qxb6 Nd5 23. Nxd5 Bxd5 24. Qf2 Rhc8 25. Nd4 Qb7 26. b3 Rc7 27. Rac1
Rac8 28. Rxc7 Rxc7 29. Kh2 h6 30. Rd2 Kh7 31. Nc2 Be4 32. Ne3 Bf5 33. Rd8 Rd7
34. Rxd7 Qxd7 35. Nc4 g5 36. fxg5 hxg5 37. Nd6 Kg7 38. g4 Bg6 39. Qf6+ Kh7 40.
Qxg5 Qc6 41. Qf4 Qc2+ 42. Kg3 Kg8 43. h4 Qc3+ 44. Kh2 Qc2+ 45. Kg3 Qc3+ 46. Kh2
Qc2+ 47. Kh3 Qd3+ 48. Qg3 Qf1+ 49. Qg2 Qe1 50. h5 Bd3 51. Qg3 Qh1+ 52. Qh2 Qe1
53. Qg3 Qh1+ 54. Qh2 Qe1 55. Qf4 Bf1+ 56. Kh2 Qe2+ 57. Kg3 Qe1+ 58. Kh2 Qe2+
59. Kg3 Qe1+ 60. Qf2 Qxe5+ 61. Qf4 Qe1+ 62. Qf2 Qe5+ 63. Qf4 Qe1+ 64. Qf2
1/2-1/2

[Event "7th HDBank Cup 2017 Masters"]
[Site "Ho Chi Minh City"]
[Date "2017.03.14"]
[Round "5"]
[White "Nguyen, Van Huy"]
[Black "Lu, Shanglei"]
[Result "1/2-1/2"]
[WhiteElo "2413"]
[BlackElo "2624"]
[PlyCount "80"]
[EventDate "2017.??.??"]

1. d4 d6 2. Nf3 g6 3. e4 Bg7 4. c3 Nc6 5. Bd3 e5 6. dxe5 dxe5 7. O-O h6 8. Na3
Nf6 9. Nc4 Nh5 10. Ne3 Be6 11. Bc4 Bxc4 12. Nxc4 O-O 13. Qxd8 Rfxd8 14. a4 Rd3
15. Be3 Rad8 16. Ne1 R3d7 17. Nc2 Nf4 18. f3 a6 19. a5 f5 20. Kf2 Nd3+ 21. Ke2
f4 22. Bc1 Bf8 23. Rd1 g5 24. Ne1 Nxe1 25. Rxd7 Rxd7 26. Kxe1 h5 27. h3 Kf7 28.
Bd2 Ke6 29. Ke2 Bc5 30. Be1 Ne7 31. Rd1 Rxd1 32. Kxd1 b5 33. axb6 cxb6 34. b3
b5 35. Nb2 Bb6 36. Kc2 Nc8 37. c4 Ne7 38. cxb5 axb5 39. Nd3 Nc6 40. Bc3 Ba7
1/2-1/2

[Event "7th HDBank Cup 2017 Masters"]
[Site "Ho Chi Minh City"]
[Date "2017.03.14"]
[Round "5"]
[White "Tran, Minh Thang"]
[Black "Shyam, Sundar M"]
[Result "1/2-1/2"]
[WhiteElo "2406"]
[BlackElo "2536"]
[PlyCount "54"]
[EventDate "2017.??.??"]

1. d4 d5 2. c4 e6 3. Nf3 Nf6 4. Nc3 Bb4 5. Qa4+ Nc6 6. Bg5 h6 7. Bxf6 Qxf6 8.
e3 O-O 9. Be2 dxc4 10. O-O Bd7 11. Bxc4 Bxc3 12. bxc3 Qe7 13. Qc2 Na5 14. Bd3
c5 15. Qe2 Rfc8 16. Ne5 Be8 17. Qd2 Rc7 18. h3 cxd4 19. cxd4 Qa3 20. Rac1 Rac8
21. Rxc7 Rxc7 22. Qe2 a6 23. g4 Rc3 24. Rd1 Ba4 25. Rb1 Rc1+ 26. Kg2 f6 27. Nc4
Bc6+ 1/2-1/2

[Event "7th HDBank Cup 2017 Masters"]
[Site "Ho Chi Minh City"]
[Date "2017.03.14"]
[Round "5"]
[White "Cuhendi, Sean Winshand"]
[Black "Xu, Yinglun"]
[Result "1/2-1/2"]
[WhiteElo "2403"]
[BlackElo "2540"]
[PlyCount "141"]
[EventDate "2017.??.??"]

1. e4 c5 2. Nf3 d6 3. d4 cxd4 4. Nxd4 Nf6 5. Nc3 a6 6. Qe2 Qb6 7. Nb3 e6 8. g4
Nc6 9. Be3 Qc7 10. Bg2 b5 11. g5 Nd7 12. O-O Be7 13. f4 Bb7 14. Rae1 Nb6 15. f5
Nc4 16. fxe6 fxe6 17. Bh3 Bc8 18. Bf2 O-O 19. Nd4 Nxd4 20. Bxd4 Bd7 21. Qh5 g6
22. Qg4 e5 23. Qxd7 Qxd7 24. Bxd7 exd4 25. Nd5 Bxg5 26. Nc7 Rxf1+ 27. Rxf1 Rd8
28. Ne6 Be3+ 29. Kg2 Rb8 30. Bc6 Bh6 31. Kh3 Ne3 32. Rf2 Rc8 33. Nxd4 Bg7 34.
Bd7 Rc7 35. Be6+ Kh8 36. c3 b4 37. Nf3 bxc3 38. bxc3 Rxc3 39. Ng5 Nd1+ 40. Rf3
Rxf3+ 41. Nxf3 Nf2+ 42. Kg3 Nxe4+ 43. Kf4 Nc5 44. Bd5 Bf6 45. h4 Kg7 46. Bc4 h6
47. Kg4 Bc3 48. h5 gxh5+ 49. Kxh5 Bf6 50. Bd5 a5 51. Nd2 Nd3 52. Kg4 h5+ 53.
Kf5 Nb4 54. Bf3 h4 55. Nc4 Bd8 56. Nxd6 Nxa2 57. Nb7 Bc7 58. Kg4 a4 59. Nc5 a3
60. Ne6+ Kh6 61. Nd4 Nc3 62. Nc2 a2 63. Kxh4 Kg6 64. Bg2 Kf5 65. Bf1 Kf4 66.
Bc4 Bd8+ 67. Kh3 Kf3 68. Kh2 Bc7+ 69. Kh3 Be5 70. Kh4 Bf6+ 71. Kh5 1/2-1/2

[Event "7th HDBank Cup 2017 Masters"]
[Site "Ho Chi Minh City"]
[Date "2017.03.14"]
[Round "5"]
[White "Nouri, Hamed"]
[Black "Nguyen, Anh Dung"]
[Result "1/2-1/2"]
[WhiteElo "2344"]
[BlackElo "2482"]
[PlyCount "102"]
[EventDate "2017.??.??"]

1. e4 c5 2. Nf3 d6 3. d4 cxd4 4. Nxd4 Nf6 5. Nc3 a6 6. Bg5 Nbd7 7. f4 b5 8. Qe2
h6 9. Bxf6 Nxf6 10. O-O-O Bg4 11. Nf3 b4 12. Nb1 e6 13. h3 Bxf3 14. Qxf3 Qc7
15. e5 Nd5 16. f5 Be7 17. fxe6 Bg5+ 18. Nd2 fxe6 19. exd6 Qxd6 20. Bc4 Rf8 21.
Qh5+ Ke7 22. h4 Bf4 23. g3 Bxg3 24. Kb1 Qe5 25. Qg6 Ne3 26. Rdg1 Rf2 27. Qxg3
Nxc4 28. Qxe5 Nxe5 29. Rxg7+ Kf6 30. Ne4+ Kxg7 31. Nxf2 Rf8 32. Ne4 Rf4 33. Nc5
Kf6 34. Nxa6 Nf3 35. h5 e5 36. Kc1 Kf5 37. Nc7 Rd4 38. Rd1 Rh4 39. Nd5 e4 40.
a4 bxa3 41. bxa3 Rxh5 42. a4 Rg5 43. a5 h5 44. a6 Rg7 45. Ne3+ Kf4 46. Nd5+ Ke5
47. Nb4 e3 48. Rh1 Ke4 49. Rxh5 e2 50. Nd3 e1=Q+ 51. Nxe1 Nxe1 1/2-1/2

[Event "7th HDBank Cup 2017 Masters"]
[Site "Ho Chi Minh City"]
[Date "2017.03.15"]
[Round "6"]
[White "Cheparinov, Ivan"]
[Black "Le, Tuan Minh"]
[Result "1/2-1/2"]
[WhiteElo "2698"]
[BlackElo "2475"]
[PlyCount "96"]
[EventDate "2017.??.??"]

1. d4 d5 2. c4 c6 3. Nf3 Nf6 4. g3 Bf5 5. Nc3 e6 6. Nh4 Be4 7. f3 Bg6 8. Qb3
Qd7 9. Nxg6 hxg6 10. Be3 Be7 11. Bf2 O-O 12. Bg2 Rc8 13. Rd1 Qc7 14. O-O Nbd7
15. Rc1 Qb6 16. Rfd1 Qa6 17. cxd5 cxd5 18. Bf1 Qb6 19. Na4 Qxb3 20. axb3 a6 21.
h4 b5 22. Nc3 Kf8 23. e3 Rc6 24. g4 Rac8 25. Ra1 b4 26. Ne2 Rc2 27. Rdc1 Ne8
28. Rxc2 Rxc2 29. Rb1 Bd6 30. Be1 Nc7 31. Nf4 e5 32. Nd3 a5 33. Bg3 Ne6 34.
dxe5 Bc7 35. Rd1 Nec5 36. Nxc5 Nxc5 37. Rxd5 Nxb3 38. Rd7 Nd2 39. Be2 Bb6 40.
e6 fxe6 41. Bd6+ Kg8 42. Be5 Bxe3+ 43. Kh1 Rc1+ 44. Kg2 Rg1+ 45. Kh3 Rh1+ 46.
Kg3 Rg1+ 47. Kh3 Rh1+ 48. Kg3 Rg1+ 1/2-1/2

[Event "7th HDBank Cup 2017 Masters"]
[Site "Ho Chi Minh City"]
[Date "2017.03.15"]
[Round "6"]
[White "Mareco, Sandro"]
[Black "Cuhendi, Sean Winshand"]
[Result "1/2-1/2"]
[WhiteElo "2664"]
[BlackElo "2403"]
[PlyCount "81"]
[EventDate "2017.??.??"]

1. d4 d5 2. c4 Nc6 3. Nc3 Nf6 4. Bg5 Ne4 5. Nxe4 dxe4 6. d5 e6 7. Bxd8 Bb4+ 8.
Qd2 Bxd2+ 9. Kxd2 Nxd8 10. e3 O-O 11. Ne2 exd5 12. cxd5 c6 13. dxc6 Nxc6 14.
Nc3 Rd8+ 15. Ke1 Bf5 16. Bb5 Nb4 17. Ke2 a6 18. Bc4 b5 19. Bb3 Nd3 20. Rab1 b4
21. Nd5 Be6 22. Ne7+ Kf8 23. Nc6 Bxb3 24. axb3 Rd6 25. Nd4 Nf4+ 26. exf4 Rxd4
27. Rhd1 Rad8 28. Rxd4 Rxd4 29. Rd1 Rxd1 30. Kxd1 Ke7 31. Ke2 Kd6 32. Ke3 Kd5
33. g4 f6 34. h4 h5 35. gxh5 f5 36. Ke2 Kd4 37. Kd2 a5 38. Ke2 Kd5 39. Kd2 Kc6
40. Kc2 Kb5 41. Kd2 1/2-1/2

[Event "7th HDBank Cup 2017 Masters"]
[Site "Ho Chi Minh City"]
[Date "2017.03.15"]
[Round "6"]
[White "Bogdanovich, Stanislav"]
[Black "Nguyen, Huynh Minh Huy"]
[Result "1-0"]
[WhiteElo "2602"]
[BlackElo "2428"]
[PlyCount "171"]
[EventDate "2017.??.??"]

1. Nf3 d5 2. c4 c6 3. b3 Nf6 4. Bb2 Bf5 5. g3 h6 6. Bg2 e6 7. O-O Be7 8. d3 O-O
9. Nbd2 Bh7 10. Rc1 a5 11. a3 Na6 12. Rc2 Nd7 13. Qa1 Bf6 14. Rb1 Bxb2 15. Qxb2
Qe7 16. b4 dxc4 17. Nxc4 axb4 18. axb4 Nc7 19. Na5 Nd5 20. Nd2 Rfb8 21. Ndc4
Bg6 22. Qc1 Qf8 23. Rcb2 N7b6 24. b5 Na4 25. bxc6 Nxb2 26. cxb7 Na4 27. bxa8=R
Rxa8 28. Bxd5 exd5 29. Ne5 Bf5 30. Nac6 Qd6 31. Rb7 Be6 32. Qa1 f6 33. Ng6 Bd7
34. Nd4 Kh7 35. Nf4 Ra6 36. Qb1 Nc5 37. Rb8 g5 38. Ng2 Qe5 39. e3 Ne6 40. Rb7
Nc5 41. Rb4 Qc7 42. Ne1 Qa7 43. Nec2 Kg6 44. Kf1 Ra2 45. Rb6 Bh3+ 46. Ke2 Na4
47. Rc6 Bd7 48. Qb3 Bxc6 49. Nxc6 Nc5 50. Qc3 Na4 51. Qb3 Nc5 52. Qb1 Qa8 53.
N6b4 Ra7 54. Qb2 Ne6 55. Qb3 Rd7 56. Kf1 Qb7 57. Qa2 Kg7 58. Qa5 Kg6 59. Kg1
Kg7 60. Kg2 Kg6 61. d4 Nc7 62. Nd3 Qa6 63. Qd2 Ne6 64. Nc5 Nxc5 65. dxc5 d4 66.
Nxd4 Qc4 67. Qa5 Qd5+ 68. Kf1 Qc4+ 69. Kg2 Qd5+ 70. f3 Rb7 71. Qa3 g4 72. c6
gxf3+ 73. Kf2 Rc7 74. Qd3+ f5 75. g4 Rf7 76. gxf5+ Kf6 77. Qa6 Qd6 78. Kxf3 Rg7
79. Qa2 Rg1 80. Qc4 Qxh2 81. Qe6+ Kg7 82. Ke4 Rg4+ 83. Kd5 Qa2+ 84. Kd6 Qa3+
85. Kd7 Kh8 86. Qxh6+ 1-0

[Event "7th HDBank Cup 2017 Masters"]
[Site "Ho Chi Minh City"]
[Date "2017.03.15"]
[Round "6"]
[White "Michalik, Peter"]
[Black "Shyaamnikhil P"]
[Result "1/2-1/2"]
[WhiteElo "2578"]
[BlackElo "2440"]
[PlyCount "63"]
[EventDate "2017.??.??"]

1. d4 Nf6 2. c4 c5 3. d5 b5 4. cxb5 a6 5. bxa6 g6 6. Nc3 Bg7 7. e4 O-O 8. a7
Rxa7 9. Nf3 d6 10. Be2 Ba6 11. O-O Nbd7 12. Re1 Bxe2 13. Rxe2 Qa8 14. h3 Rb8
15. Bg5 Rb4 16. Rc1 h6 17. Bf4 Rab7 18. Rcc2 Qa6 19. Qc1 Nh5 20. Bd2 Kh7 21.
Be1 Ne5 22. Nxe5 Bxe5 23. Bd2 Bd4 24. Re1 Bg7 25. Nd1 Ra4 26. a3 Nf6 27. Nc3
Rd4 28. f3 Nd7 29. Ne2 Ne5 30. Qb1 Nd3 31. Rf1 Ra4 32. Bc3 1/2-1/2